000 00650cam a2200229 a 4500
001 000007717
005 20200929154255.0
008 950208s1993 sp 000 f spa
020 _a8479790741
040 _aDO-SdBNP
_bspa
_cLC
_dBNPHU
082 _a863.64
_bT264g
100 1 _aTeira Cubel, Félix.
_921389
245 1 0 _aGusanos de seda /
_cFélix Teira Cubel.
260 _aMadrid :
_bAnaya ;
_bMario Muchnik,
_c1993.
300 _a248 p. ;
_c22 cm.
490 1 _aAnalectas
650 4 _aNovela española
_91123
650 4 _aLiteratura española
_9632
830 0 _aAnalectas
_921390
910 _aCatalogación por copia / LC
049 _aBNGR
999 _c7495
_d7495